Statistics for People Born in 1960 - picture quiz

Click here to take the quiz!

General Stats

  • This quiz has been taken 129 times
  • The average score is 6 of 16

Answer Stats

Answer% Correct
Bono
90%
David Duchovny
60%
Prince Andrew
57%
Ayrton Senna
53%
Nena
53%
Jeremy Clarkson
51%
Ivan Lendl
50%
Nigella Lawson
50%
Adam Clayton
29%
Greg Louganis
29%
Hugo Weaving
28%
Kristin Scott Thomas
26%
Elena Kagan
14%
Tony Gwynn
11%
Amy Klobuchar
10%
Erin Brokovich
6%

Score Distribution

Percentile by Number Answered

Percent of People with Each Score

Your Score History

You have not taken this quiz